Dependent development and industrial order : An Asian case study

שמור ב:
מידע ביבליוגרפי
מחבר ראשי: Deyo, Federic C.
פורמט: ספר
שפה:Undetermined
יצא לאור: New York Praeger 1981
נושאים:
תגים: הוספת תג
אין תגיות, היה/י הראשונ/ה לתייג את הרשומה!
Thư viện lưu trữ: Trung tâm Học liệu Trường Đại học Cần Thơ
LEADER 00662nam a2200229Ia 4500
001 CTU_92156
008 210402s9999 xx 000 0 und d
020 |c 19.95 
082 |a 338.09595 
082 |b D528 
100 |a Deyo, Federic C. 
245 0 |a Dependent development and industrial order : 
245 3 |b An Asian case study 
245 0 |c Federic C. Deyo 
260 |a New York 
260 |b Praeger 
260 |c 1981 
650 |a Industries,Industrial relations,Industries 
650 |x Case studies 
650 |z Singapore,Singapore,Developing countries 
904 |i Nguyên, H.Mai 
980 |a Trung tâm Học liệu Trường Đại học Cần Thơ